Carregant...

Growth process in animals

Dades bibliogràfiques
Autor principal: Needham, A E
Format: Printed Book
Publicat: Sir Issac Pitman & Sons Ltd., London 1964
Matèries:
LEADER 00516nam a2200193 4500
020
082 |a 571.8 NEE-G 
100 |a Needham, A E 
245 |a Growth process in animals 
250
260 |a Sir Issac Pitman & Sons Ltd., London  |c 1964 
300
490
500
590 |a VIN 
650 |a Developmental Biology-- Reproduction-- Growth 
942 |c BK 
999 |c 87575  |d 87575 
952 |0 0  |1 0  |4 0  |6 571_800000000000000_NEEG  |7 0  |9 101043  |a ZGY  |b ZGY  |l 0  |o 571.8 NEE-G  |p ZGY00111  |r 2019-09-25  |w 2019-09-25  |y BK